000 01771nam2a22002651 4500
001 rc\374990
005 20250621064844.0
035 _a(NLR Aleph) 005635182
090 _a6610593
_c6610593
100 _a20030307d1989 |||y0rusy50 ca
101 0 _arus
102 _aRU
105 _ay |||||||||
200 1 _aКиевская область
_f[Сост. В.П. Цапенко и др.
_gРед. К.Г. Дубяга]
210 _d1989
_aБ. м.
215 _a597 с.
320 _aБиблиогр.: с. 520-535
333 _aДСП. Экз. № 00003
421 0 _12001#$aГрафические приложения
_1010$9400
_1210##$d1989
_1215##$a4 отд. л. карт. и табл. в футляре
_1300##$aДСП. Экз. № 00003
_tГрафические приложения
461 0 _1001rc\374989
_12001#$aМинерально-сырьевая база строительных материалов Украинской ССР$e[Справочник]$fМ-во геологии СССР, Укр. гл. координац.-геол. упр. "Укргеология", Центр. темат. экспедиция$v[1]
_96610587
_cКиев
_d1989-
_e3-е изд., полностью перераб. и доп.
_fМ-во геологии СССР, Укр. гл. координац.-геол. упр. "Укргеология", Центр. темат. экспедиция
_nМ-во геологии СССР. Центр. темат. экспедиция. Геол. картогр. партия
_o[Справочник]
_tМинерально-сырьевая база строительных материалов Украинской ССР
_v[1]
801 0 _aRU
_bNLR
_gpsbo
801 1 _aRU
_bELAR
_2rusmarc
852 _aNLR
_j90-50К/3335
942 _cBOOK
980 _aNB